|
|
|
|
| LEADER |
01110nam a22002897a 4500 |
| 001 |
27976 |
| 003 |
BD-DhAAL |
| 005 |
20140329152650.0 |
| 008 |
140329s2013 xr ab b 001 0 eng d |
| 020 |
|
|
|a 9788024622149
|
| 040 |
|
|
|a ONFJC
|d BD-DhAAL
|
| 041 |
|
|
|a eng
|
| 082 |
0 |
4 |
|2 23
|a 320.10901
|
| 100 |
1 |
|
|a Charvát, Petr
|9 4150
|
| 245 |
1 |
4 |
|a The birth of the state :
|b ancient Egypt, Mesopotamia, India and China /
|c Petr Charvát ; translated by Daniel Morgan.
|
| 250 |
|
|
|a First English edition
|
| 260 |
|
|
|a Prague :
|b Karolinum Press,
|c c2013.
|
| 300 |
|
|
|a 356 pages :
|b illus., maps ;
|c 21 cm.
|
| 504 |
|
|
|6 Includes bibliographical references (pages [341-346) and index.
|
| 541 |
|
|
|e 27976
|
| 650 |
|
0 |
|a State, The
|x Origin.
|9 4151
|
| 650 |
|
0 |
|a Civilization, Ancient
|9 4152
|
| 650 |
|
0 |
|a Cities and towns, Ancient
|9 4153
|
| 700 |
1 |
|
|a Morgan, Daniel (Translator)
|9 4154
|
| 942 |
|
|
|2 ddc
|c BK
|
| 999 |
|
|
|c 14228
|d 14228
|
| 952 |
|
|
|0 0
|1 0
|2 ddc
|4 0
|6 320_109010000000000_CHA
|7 0
|9 24046
|a BRACUL
|b BRACUL
|c GEN
|d 2014-03-29
|e Trim Education
|g 2895.00
|l 4
|m 6
|o 320.10901 CHA
|p 3010027976
|r 2025-08-21
|s 2025-07-24
|t 1
|w 2014-03-29
|y BK
|